[Event "Quebec-ch U12"]
[Site "Montreal"]
[Date "2016.01.17"]
[Round "4"]
[White "Tcherecharov, Blagovest"]
[Black "Zhang, Xin Yu"]
[Result "1-0"]
[WhiteElo "953"]
[BlackElo "1086"]
[PlyCount "143"]
[EventDate "2016.01.15"]
[EventType "swiss"]
[EventRounds "5"]
[EventCountry "CAN"]
[SourceTitle "EXT 2017"]
[Source "ChessBase"]
[SourceDate "2016.10.25"]
[SourceVersion "1"]
[SourceVersionDate "2016.10.25"]
[SourceQuality "1"]

1. e4 e5 2. Nf3 Nc6 3. Bc4 h6 4. Nc3 Nf6 5. d4 exd4 6. Nxd4 Bc5 7. Nxc6 bxc6 8. 0-0 0-0 9. e5 Nh7 10. Qg4 d5 11. Qg3 Kh8 12. Bd3 Bd4 13. Ne2 Qe7 14. Nxd4 c5 15. Nf5 Bxf5 16. Bxf5 Rg8 17. Bxh7 Kxh7 18. Qd3+ Kh8 19. Qxd5 Rad8 20. Qe4 f6 21. Qh4 Rgf8 22. Re1 Rfe8 23. Bd2 Rxd2 24. f4 fxe5 25. Qxe7 Rxe7 26. Rac1 Rf7 27. Rxe5 Rxf4 28. Rxc5 Rff2 29. Rxc7 Rxg2+ 30. Kh1 Rxh2+ 31. Kg1 Rdg2+ 32. Kf1 Rf2+ 33. Ke1 Re2+ 34. Kf1 Rd2 35. Kg1 Rdg2+ 36. Kf1 Rh1+ 37. Kxg2 Rxc1 38. b3 h5 39. c4 g5 40. Rxa7 h4 41. Ra5 g4 42. Rh5+ Kg8 43. Rxh4 Rc2+ 44. Kg3 Rxa2 45. Kxg4 Rb2 46. Rh3 Kf7 47. Kf5 Ke7 48. Ke5 Kd7 49. Kd4 Kc6 50. Kc3 Rb1 51. Kc2 Ra1 52. Kb2 Ra5 53. b4 Ra4 54. Rh6+ Kb7 55. Kb3 Ra6 56. Rxa6 Kxa6 57. b5+ Kb6 58. Kb4 Kb7 59. c5 Kc7 60. b6+ Kb7 61. Kb5 Kb8 62. Ka6 Ka8 63. c6 Kb8 64. c7+ Kc8 65. Ka7 Kd7 66. Kb8 Kc6 67. b7 Kb6 68. c8Q Ka6 69. Qc1 Kb6 70. Kc8 Ka7 71. b8Q+ Ka6 72. Qa1# 1-0